Catalog

Record Details

Catalog Search



Dějiny katolické církve / 1. díl Cover Image Book Book

Dějiny katolické církve / Jaroslav Kadlec 1. díl

Kadlec, Jaroslav (Author).

Record details

  • ISBN: 80-7067-285-4
  • Physical Description: 206 s.
  • Edition: 3. přeprac. vyd.
  • Publisher: Olomouc Univerzita Palackého 1993

Available copies

  • 3 of 3 copies available at Common Catalog SPOK.

Holds

  • 0 current holds with 3 total copies.
Show All Copies
Location Call Number / Copy Notes Barcode Shelving Location Status Due Date
ETS Library 282 424470002789 Volný výběr Available -
ETS Library 282 424470009487 Volný výběr Available -
ETS Library 282 424470009651 Volný výběr Available -

LDR 00644nam a2 00241
00135275
003CZ-PrJAB
00520030509000000.0
008030506s1993 xr e |||| |cze
009cz
020 . ‡a80-7067-285-4
035 . ‡a(CONS)1932
035 . ‡aKPS4290
041 . ‡acze
08214. ‡a282
100 . ‡73084 ‡aKadlec, Jaroslav
245 . ‡aDějiny katolické církve / ‡cJaroslav Kadlec ‡n1. díl
250 . ‡a3. přeprac. vyd.
260 . ‡aOlomouc ‡bUniverzita Palackého ‡c1993
300 . ‡a206 s.
653 . ‡aDějiny katolické církve
8524 . ‡bETS ‡bETS ‡cVolný výběr ‡j282 ‡gA ‡p424470002789
910 . ‡aABG450
910 . ‡aABG450
910 . ‡aABG450
999 . ‡a1933 ‡bAUTOGEN ‡c1933 ‡tbiblio
999 . ‡a1934 ‡bAUTOGEN ‡c1934 ‡tbiblio
999 . ‡a1932 ‡bAUTOGEN ‡c1932 ‡tbiblio
905 . ‡uadmin
901 . ‡a35275 ‡b ‡c35275 ‡tbiblio ‡sets

Additional Resources